Quiz Anime Personnages aux Cheveux Bleus - Statistiques

Statistiques générales
  • Ce quiz a été pris 121 fois
  • Le résultat moyen est 8 sur 16
Statistiques - réponses
Par images Réponse % Correct
Ban
94%
Goku
88%
Bulma
86%
Nagisa
82%
Inosuke
78%
Vivi
71%
Tetsuya
66%
Wendy
61%
Grimmjow
45%
Nejire
42%
Levy
38%
Mitsuki
35%
Tamaki
28%
Henry
9%
Kasumi
9%
Marx
8%
Aucun quiz correspondant
Distribution des résultats
% des personnes avec chaque résultat
Percentile par nombre de réponses
Votre historique - résultats
Vous n’avez pas pris ce quiz